| 000 | 01073nam0a2200313 i 4500 | ||
|---|---|---|---|
| 001 | RU\NLR\BIBL_A\010450513 | ||
| 005 | 20241115065357.0 | ||
| 010 |
_a9785699714872 _97000 |
||
| 021 |
_aRU _b2014-44236 _92686 |
||
| 035 | _a(NILC)RuMoRGB-007510185 | ||
| 035 | _a(NLR Aleph) 010450513 | ||
| 090 |
_a9925856 _c9925856 |
||
| 100 | _a20140812d2014 u y0rusy50 ca | ||
| 101 | 0 | _arus | |
| 102 | _aRU | ||
| 105 | _aa|||z||||||y| | ||
| 200 | 1 |
_aДачные рецепты _eдля яркого лета _eсвежие решения, доступно, быстро, просто _f[отв. ред.: С. Ильичева] |
|
| 210 |
_aМосква _cЭксмо _d2014 |
||
| 215 |
_a79 с. _cцв. ил. _d27 |
||
| 225 | 1 |
_aКулинария _iЯркие вкусы |
|
| 606 |
_aКулинария _xРецептура _92080572 _3RU\NLR\AUTH\661256513 |
||
| 686 | 1 | _aЛ997 | |
| 702 | 1 |
_aИльичева _bС. _4340 |
|
| 801 | 0 |
_aRU _bРГБ _c20140623 _gRCR |
|
| 801 | 1 |
_aRU _bРГБ _c20140623 _2rusmarc |
|
| 942 | _cBOOK | ||
| 980 | _aNBR | ||